| 000 | 00392nam a2200181Ia 4500 | ||
|---|---|---|---|
| 008 | 210210b1947 xxu||||| |||| 00| 0 eng d | ||
| 041 | _aeng | ||
| 082 | _a920/44 | ||
| 100 | _aREISCHANER (E O) | ||
| 245 | _aJapan: past and present | ||
| 260 |
_aLondon _b- _c1947 |
||
| 650 | _apresent | ||
| 650 | _apast | ||
| 650 | _aJapan: | ||
| 650 | _aand | ||
| 690 | _aHistory | ||
| 906 | _a024786 | ||
| 999 |
_c150407 _d150407 |
||